000
00319pab a2200133 454500
008
180718b xxu||||| |||| 00| 0 eng d
100
_a
Jain, Sushil K
245
_a
Why managers should use computers
650
_a
Executive
650
_a
Manager
650
_a
Computers
773
_a
Management Accountant
909
_a
2533
999
_c
2533
_d
2533